[Event "Taastrup Spil Naar Du Vil I 2006"]
[Site "Taastrup"]
[Date "2006.03.30"]
[Round "1"]
[White "Andersen, Daniel"]
[Black "Rasmussen, Emil Wulff"]
[Result "1-0"]
[WhiteElo "1841"]
[BlackElo "1147"]
[PlyCount "51"]
[EventDate "2006.??.??"]

1. d4 d5 2. c4 e6 3. Nc3 Nf6 4. Bg5 Be7 5. e3 O-O 6. Nf3 b6 7. cxd5 exd5 8. Bd3
Bb7 9. Qc2 g6 10. O-O Nc6 11. a3 Re8 12. b4 Qd7 13. Qb3 Nd8 14. Ne5 Qd6 15. Nb5
Qe6 16. Nxc7 Qd6 17. Nxe8 Nxe8 18. Bxe7 Qxe7 19. b5 Nf6 20. Rfc1 Ne6 21. Nc6
Qd6 22. Qb4 Qxb4 23. axb4 Ng5 24. Rxa7 Rxa7 25. Nxa7 Nge4 26. Rc7 1-0

[Event "Taastrup Spil Naar Du Vil I 2006"]
[Site "Taastrup"]
[Date "2006.03.30"]
[Round "1"]
[White "Jensen, Henrik"]
[Black "Hestehauge, Klaus"]
[Result "0-1"]
[WhiteElo "1260"]
[BlackElo "1976"]
[PlyCount "114"]
[EventDate "2006.??.??"]

1. e4 c6 2. d4 d5 3. exd5 cxd5 4. Nf3 Nf6 5. Bg5 e6 6. c3 Be7 7. Bd3 O-O 8.
Nbd2 Nc6 9. Qc2 h6 10. Bf4 Bd7 11. O-O Rc8 12. Ne5 Nxd4 13. Qb1 Nc6 14. Ndf3
Nxe5 15. Nxe5 Bc6 16. Qc1 Ne4 17. f3 Bc5+ 18. Kh1 Nf2+ 19. Rxf2 Bxf2 20. Bxh6
gxh6 21. Qxh6 Qh4 22. Qd2 Bg3 23. Ng4 f5 24. Qh6 Qxh6 25. Nxh6+ Kg7 26. Nxf5+
exf5 27. hxg3 Rce8 28. Rd1 Re5 29. Kg1 Kf6 30. Kf2 Rh8 31. a3 a6 32. b3 Bb5 33.
c4 dxc4 34. bxc4 Bc6 35. Bc2 Rhe8 36. Rd6+ R8e6 37. Rd2 Ra5 38. Rd3 Ba4 39. Bb1
Rb6 40. f4 Rxb1 41. Rd6+ Ke7 42. Rh6 Bc6 43. Rh7+ Kf6 44. Rh6+ Kg7 45. Re6 Rxa3
46. Re2 Rba1 47. Rb2 R3a2 48. Rxa2 Rxa2+ 49. Ke3 Rxg2 50. Kd3 a5 51. Kc3 a4 52.
Kb4 Rxg3 53. c5 a3 54. Ka5 a2 55. Kb6 a1=Q 56. Kc7 Qa5+ 57. Kc8 Kf6 0-1

[Event "Taastrup Spil Naar Du Vil I 2006"]
[Site "Taastrup"]
[Date "2006.03.30"]
[Round "1"]
[White "Jensen, Tom B"]
[Black "Schwinberger, Martin"]
[Result "0-1"]
[WhiteElo "1065"]
[BlackElo "1724"]
[PlyCount "70"]
[EventDate "2006.??.??"]

1. e4 c6 2. c3 d5 3. exd5 cxd5 4. d4 Nc6 5. Nf3 Bg4 6. Be2 Nf6 7. Be3 e6 8.
Nbd2 Bd6 9. h3 Bf5 10. Nh4 Be4 11. Nhf3 O-O 12. Nf1 Qb6 13. Qd2 Qc7 14. g3 Ne7
15. Rg1 a6 16. N3h2 Bf5 17. h4 Ne4 18. Qd1 h6 19. Bf3 Nf6 20. Qd2 Kh7 21. Rh1
Be4 22. Qe2 Nf5 23. Rg1 b5 24. h5 Rab8 25. Bd2 e5 26. Ng4 Nxg4 27. Bxe4 dxe4
28. Qxe4 Nf6 29. Qxf5+ Kg8 30. g4 exd4 31. g5 Rfe8+ 32. Kd1 Re5 33. Qf3 hxg5
34. Bxg5 dxc3 35. bxc3 Ne4 0-1

[Event "Taastrup Spil Naar Du Vil I 2006"]
[Site "Taastrup"]
[Date "2006.03.30"]
[Round "1"]
[White "Kaaber Hansen, Jacob"]
[Black "Jensen, Steen Dahlgaard"]
[Result "1-0"]
[WhiteElo "2124"]
[BlackElo "1659"]
[PlyCount "47"]
[EventDate "2006.??.??"]

1. e4 c5 2. Nf3 Nc6 3. d4 cxd4 4. Nxd4 e5 5. Nb5 a6 6. Nd6+ Bxd6 7. Qxd6 Qf6 8.
Qxf6 Nxf6 9. Nc3 Nb4 10. Kd2 d5 11. a3 Nxe4+ 12. Nxe4 dxe4 13. axb4 O-O 14. Bc4
Bf5 15. Ke3 Rad8 16. Bd2 Rd4 17. Bb3 Re8 18. Bc3 Rdd8 19. Ra5 Kf8 20. b5 Bc8
21. bxa6 bxa6 22. Rc5 f5 23. Rc7 Rd7 24. Bb4+ 1-0

[Event "Taastrup Spil Naar Du Vil I 2006"]
[Site "Taastrup"]
[Date "2006.03.30"]
[Round "1"]
[White "Kjeldsen, Flemming"]
[Black "Zmylon, Frederik Nielsen"]
[Result "1-0"]
[WhiteElo "1716"]
[BlackElo "1016"]
[PlyCount "51"]
[EventDate "2006.??.??"]

1. f4 d5 2. Nf3 Nc6 3. g3 Be6 4. Bg2 Qd7 5. h3 O-O-O 6. d3 h6 7. g4 f5 8. g5
hxg5 9. Nxg5 Nf6 10. Nd2 g6 11. Ndf3 Qd6 12. e3 Bg8 13. d4 Ne4 14. c3 Nxg5 15.
Nxg5 Bh6 16. h4 Bxg5 17. hxg5 Rxh1+ 18. Bxh1 Bf7 19. Qf3 Rh8 20. Bd2 Na5 21. b3
e6 22. c4 dxc4 23. Bxa5 Qa6 24. Bc3 Be8 25. d5 exd5 26. Bxh8 1-0

[Event "Taastrup Spil Naar Du Vil I 2006"]
[Site "Taastrup"]
[Date "2006.03.30"]
[Round "1"]
[White "Madsen, Simon Rise"]
[Black "Rosenkilde, Alexander"]
[Result "0-1"]
[WhiteElo "1366"]
[BlackElo "2024"]
[PlyCount "110"]
[EventDate "2006.??.??"]

1. d4 Nf6 2. g3 d5 3. Bg2 e6 4. Nf3 c5 5. e3 Nc6 6. O-O Be7 7. b3 O-O 8. Nbd2
b5 9. Ne5 Nxe5 10. dxe5 Nd7 11. Bb2 Bb7 12. c4 Qb6 13. Qf3 Rab8 14. Rab1 dxc4
15. Ne4 cxb3 16. axb3 f5 17. exf6 Bxf6 18. Qh5 Bxb2 19. Rxb2 Rf5 20. Qh4 Ne5
21. Rd1 Ng6 22. Qg4 Bd5 23. Ng5 Bxg2 24. Kxg2 Qb7+ 25. e4 Ne5 26. Qh4 h6 27.
Nxe6 g5 28. Qxh6 Qxe4+ 29. Kg1 Nf3+ 30. Kf1 Nxh2+ 31. Qxh2 Qxe6 32. Re2 Qf7 33.
g4 Rf4 34. Rd3 Rf8 35. Rh3 Qg7 36. Qg2 Qa1+ 37. Re1 Qd4 38. Rhe3 Rxg4 39. Rg3
Rxg3 40. Qxg3 Qf4 41. Qg2 Qf5 42. Kg1 c4 43. b4 c3 44. Rc1 c2 45. Qg3 Rc8 46.
Qe3 Qg4+ 47. Kf1 Qc4+ 48. Kg1 Qd5 49. Qe2 Qc4 50. Qe3 g4 51. Qxa7 Rd8 52. Qa1
Rd2 53. Kg2 Qe4+ 54. Kg3 Rd3+ 55. Kh2 Rh3+ 0-1

[Event "Taastrup Spil Naar Du Vil I 2006"]
[Site "Taastrup"]
[Date "2006.03.30"]
[Round "1"]
[White "Nielsen, Jan Mose"]
[Black "Madsen, Ole Bang"]
[Result "1-0"]
[WhiteElo "1995"]
[BlackElo "1354"]
[PlyCount "29"]
[EventDate "2006.??.??"]

1. e4 e5 2. Bc4 Nf6 3. d4 Nc6 4. Nf3 Na5 5. Bxf7+ Kxf7 6. dxe5 h6 7. exf6 c6 8.
fxg7 Bxg7 9. Qd6 Nc4 10. Qf4+ Ke8 11. O-O d6 12. Nbd2 Ne5 13. Qg3 Nxf3+ 14.
Nxf3 Qe7 15. Bf4 1-0

[Event "Taastrup Spil Naar Du Vil I 2006"]
[Site "Taastrup"]
[Date "2006.03.30"]
[Round "1"]
[White "Nielsen, Michael"]
[Black "Dyremose, Flemming"]
[Result "1-0"]
[WhiteElo "2054"]
[BlackElo "1395"]
[PlyCount "85"]
[EventDate "2006.??.??"]

1. e4 c5 2. Nf3 d6 3. d4 cxd4 4. Nxd4 Nf6 5. Nc3 a6 6. Bg5 e6 7. f4 Be7 8. Qf3
Nbd7 9. O-O-O Rb8 10. g4 Qc7 11. Bxf6 gxf6 12. f5 e5 13. Nd5 Qd8 14. Ne2 b5 15.
Nxe7 Kxe7 16. Nc3 Bb7 17. h4 h6 18. Be2 Qc7 19. g5 Rbc8 20. Bd3 Rcg8 21. g6
fxg6 22. fxg6 h5 23. Rhg1 Rg7 24. Rdf1 Qd8 25. Nd5+ Bxd5 26. exd5 Qf8 27. Bf5
Nc5 28. b4 Nb7 29. Bh3 Kd8 30. Qxf6+ Qxf6 31. Rxf6 Kc7 32. Rf7+ Rxf7 33. gxf7
Rf8 34. Be6 Kd8 35. Rg8 Ke7 36. Rxf8 Kxf8 37. Bc8 Nd8 38. Bxa6 Nxf7 39. Bxb5
Nh6 40. Bd3 Ng4 41. Kd2 Nf6 42. c4 Ke7 43. Bg6 1-0

[Event "Taastrup Spil Naar Du Vil I 2006"]
[Site "Taastrup"]
[Date "2006.03.30"]
[Round "1"]
[White "Pallesen, Jacob"]
[Black "Hansen, Lars Henrik Bech"]
[Result "0-1"]
[WhiteElo "1899"]
[BlackElo "1968"]
[PlyCount "72"]
[EventDate "2006.??.??"]

1. e4 d6 2. d4 Nf6 3. Nc3 g6 4. f4 Bg7 5. Nf3 c5 6. d5 O-O 7. Bd3 b5 8. Bxb5
Nxe4 9. Nxe4 Qa5+ 10. Nc3 Bxc3+ 11. bxc3 Qxb5 12. Qe2 Qa4 13. O-O Ba6 14. Qxe7
Bxf1 15. Kxf1 Qc4+ 16. Qe2 Qxc3 17. Rb1 Nd7 18. Bb2 Qa5 19. Qe7 Qxa2 20. Nd2
Rab8 21. Qxd7 Rxb2 22. Rxb2 Qxb2 23. Ne4 Qc1+ 24. Ke2 Qxc2+ 25. Ke3 Qb3+ 26.
Kf2 Qb2+ 27. Kf3 Rb8 28. Nxd6 Rb3+ 29. Kg4 Qxg2+ 30. Kh4 Qxh2+ 31. Kg5 Rg3+ 32.
Kf6 Qh4+ 33. Ke5 Re3+ 34. Ne4 f6+ 35. Kd6 Qxf4+ 36. Kc6 Qxe4 0-1

[Event "Taastrup Spil Naar Du Vil I 2006"]
[Site "Taastrup"]
[Date "2006.03.30"]
[Round "1"]
[White "Pedersen, Ole"]
[Black "Kristensen, Brian"]
[Result "0-1"]
[WhiteElo "1406"]
[BlackElo "2089"]
[PlyCount "96"]
[EventDate "2006.??.??"]

1. c4 e5 2. Nc3 Nc6 3. g3 g6 4. Bg2 Bg7 5. e3 d6 6. Nge2 h5 7. h4 Bg4 8. Qa4
Qd7 9. Qb3 Rb8 10. a3 Nf6 11. d3 O-O 12. O-O Ne7 13. Qc2 c6 14. e4 a6 15. b4 b5
16. Be3 Rbc8 17. Rac1 d5 18. exd5 cxd5 19. cxd5 Nexd5 20. Qd2 Rfd8 21. Nxd5
Nxd5 22. Rxc8 Rxc8 23. Rc1 Rd8 24. Nc3 Nxc3 25. Rxc3 e4 26. d4 Bf3 27. Qc1 Bxd4
28. Bxd4 Qxd4 29. Rc8 Kg7 30. Rxd8 Qxd8 31. Qc3+ Qf6 32. Qe3 Qf5 33. Qb6 Qf6
34. Qe3 Kh7 35. Qc1 Qc6 36. Kh2 Qd5 37. Qf4 Bxg2 38. Kxg2 e3+ 39. Qf3 Qxf3+ 40.
Kxf3 exf2 41. Kxf2 Kg7 42. Ke3 Kf6 43. Ke4 Ke6 44. Kf4 f6 45. g4 hxg4 46. Kxg4
Ke5 47. Kf3 Kf5 48. Kg3 Ke4 0-1

[Event "Taastrup Spil Naar Du Vil I 2006"]
[Site "Taastrup"]
[Date "2006.04.06"]
[Round "2"]
[White "Andersen, Daniel"]
[Black "Nielsen, Michael"]
[Result "0-1"]
[WhiteElo "1841"]
[BlackElo "2054"]
[PlyCount "30"]
[EventDate "2006.??.??"]

1. c4 g6 2. g3 e5 3. Bg2 Bg7 4. Nc3 d6 5. e3 Nc6 6. Nge2 Be6 7. Nd5 f5 8. d3
Nf6 9. Rb1 O-O 10. b4 e4 11. dxe4 fxe4 12. Nec3 Nxd5 13. Nxd5 Ne5 14. O-O Nf3+
15. Kh1 c6 0-1

[Event "Taastrup Spil Naar Du Vil I 2006"]
[Site "Taastrup"]
[Date "2006.04.06"]
[Round "2"]
[White "Dyremose, Flemming"]
[Black "Jensen, Tom B"]
[Result "1-0"]
[WhiteElo "1395"]
[BlackElo "1065"]
[PlyCount "125"]
[EventDate "2006.??.??"]

1. d4 d5 2. c4 c6 3. Nc3 Nf6 4. Nf3 e6 5. Bg5 Nbd7 6. e3 Be7 7. Rc1 O-O 8. Bd3
dxc4 9. Bxc4 Qc7 10. O-O Nb6 11. Bd3 Nbd7 12. a3 b6 13. e4 e5 14. d5 c5 15. Bb5
a6 16. Bc6 Ra7 17. Re1 Rd8 18. Qd3 Nb8 19. Ba4 Rb7 20. Bc2 c4 21. Qd2 Bg4 22.
Bd1 Qd6 23. Nxe5 Bxd1 24. Nxc4 Qd7 25. Qxd1 b5 26. Ne3 b4 27. Nb1 bxa3 28. bxa3
Rc8 29. Bxf6 Bxf6 30. Qg4 Qxg4 31. Nxg4 Rxc1 32. Rxc1 h6 33. Nxf6+ gxf6 34. Nd2
Nd7 35. f4 Rb2 36. Nf1 Kg7 37. Rc3 Re2 38. Ng3 Rd2 39. Rc4 Rb2 40. Ra4 Nc5 41.
Rc4 Nd3 42. f5 Nf4 43. Rc6 Rb1+ 44. Nf1 Ne2+ 45. Kf2 Nd4 46. Rxa6 Rb2+ 47. Ke3
Nc2+ 48. Kf4 Ne1 49. Ne3 Nd3+ 50. Kg3 Nc5 51. Rc6 Nxe4+ 52. Kh4 Re2 53. Nc4
Rxg2 54. Kh3 Rf2 55. d6 Rxf5 56. d7 Rd5 57. Nd6 Ng5+ 58. Kg4 Kg6 59. d8=Q Rd4+
60. Kg3 Rd3+ 61. Kf2 Nh3+ 62. Ke1 Re3+ 63. Kd2 1-0

[Event "Taastrup Spil Naar Du Vil I 2006"]
[Site "Taastrup"]
[Date "2006.04.06"]
[Round "2"]
[White "Dyremose, Morten Sigvart"]
[Black "Madsen, Simon Rise"]
[Result "0-1"]
[WhiteElo "1073"]
[BlackElo "1366"]
[PlyCount "42"]
[EventDate "2006.??.??"]

1. e4 e5 2. Nf3 d6 3. Bc4 Nc6 4. d4 Bg4 5. c3 exd4 6. Qd3 h6 7. Nxd4 Ne5 8. Qg3
Nf6 9. Be2 c5 10. Bb5+ Ke7 11. Nf5+ Ke6 12. Ba4 Nxe4 13. Bb3+ d5 14. Qf4 Nd3+
15. Kf1 Nxf4 16. Bxf4 Bxf5 17. Nd2 Kf6 18. f3 Nxd2+ 19. Bxd2 Kg6 20. Rc1 Bd3+
21. Kf2 c4 0-1

[Event "Taastrup Spil Naar Du Vil I 2006"]
[Site "Taastrup"]
[Date "2006.04.06"]
[Round "2"]
[White "Hestehauge, Klaus"]
[Black "Kaaber Hansen, Jacob"]
[Result "0-1"]
[WhiteElo "1976"]
[BlackElo "2124"]
[PlyCount "72"]
[EventDate "2006.??.??"]

1. d4 Nf6 2. Nf3 d5 3. Bf4 c5 4. c3 Nc6 5. e3 Qb6 6. Qb3 Qxb3 7. axb3 cxd4 8.
exd4 Bf5 9. Nbd2 Nd7 10. Be2 f6 11. O-O g5 12. Bg3 e6 13. h4 h6 14. Rfe1 Nb6
15. Bc7 Nc8 16. Bg3 Nd6 17. Nh2 Kd7 18. Bg4 Be7 19. b4 Bxg4 20. Nxg4 Nf5 21. b5
Nd8 22. Ne3 Nxg3 23. fxg3 f5 24. Nf3 Nf7 25. Nd1 Bd6 26. Ne5+ Nxe5 27. dxe5 Be7
28. h5 Rhc8 29. Ne3 Rc5 30. Rad1 Kc7 31. Nc2 Rxb5 32. b4 Rb6 33. Nd4 Rc8 34.
Ra1 Kd7 35. Ne2 a6 36. Rac1 Rc4 0-1

[Event "Taastrup Spil Naar Du Vil I 2006"]
[Site "Taastrup"]
[Date "2006.04.06"]
[Round "2"]
[White "Meldal, Peter"]
[Black "Pedersen, Ole"]
[Result "1/2-1/2"]
[WhiteElo "1139"]
[BlackElo "1406"]
[PlyCount "126"]
[EventDate "2006.??.??"]

1. e4 c5 2. Nf3 Nc6 3. d4 cxd4 4. Nxd4 g6 5. Be3 Bg7 6. c3 a6 7. Nd2 d6 8. N2f3
Nf6 9. Bd3 O-O 10. Qd2 Ng4 11. Nxc6 bxc6 12. Bf4 e5 13. Bg5 Bf6 14. Bxf6 Nxf6
15. Qg5 Kg7 16. O-O-O h6 17. Qd2 Rb8 18. Bc2 Qb6 19. b3 Rd8 20. h3 a5 21. g4 a4
22. g5 Ng8 23. h4 h5 24. c4 Be6 25. Qe2 Qb4 26. Kb1 axb3 27. Bxb3 Bg4 28. Rd3
Rb7 29. Rhd1 Ne7 30. Qd2 Qxd2 31. R1xd2 Rbd7 32. c5 Bxf3 33. Rxf3 d5 34. exd5
Nxd5 35. Bxd5 Rxd5 36. Rxd5 Rxd5 37. Rc3 Rd4 38. Re3 f6 39. gxf6+ Kxf6 40. Rf3+
Ke6 41. Rg3 Kf5 42. Rf3+ Ke6 43. Rg3 Rxh4 44. Rxg6+ Kd5 45. Rg5 Kd4 46. a4 Kxc5
47. Rxe5+ Kb6 48. a5+ Ka6 49. Rc5 Rb4+ 50. Kc2 h4 51. Rxc6+ Kxa5 52. Rc3 Rf4
53. Ra3+ Kb5 54. Rb3+ Kc5 55. Rc3+ Kd5 56. Rd3+ Ke5 57. Re3+ Kf5 58. Re2 Kg4
59. Kd2 Kf3 60. Kd1 h3 61. Re3+ Kg2 62. Ke1 Rc4 63. Rg3+ Kh2 1/2-1/2

[Event "Taastrup Spil Naar Du Vil I 2006"]
[Site "Taastrup"]
[Date "2006.04.06"]
[Round "2"]
[White "Rasmussen, Emil Wulff"]
[Black "Pallesen, Jacob"]
[Result "0-1"]
[WhiteElo "1147"]
[BlackElo "1899"]
[PlyCount "54"]
[EventDate "2006.??.??"]

1. e4 e5 2. Nf3 Nc6 3. d4 exd4 4. Nxd4 Bc5 5. Be3 Qf6 6. c3 d6 7. Bb5 Bd7 8.
O-O Nge7 9. f3 O-O 10. Na3 a6 11. Bxc6 Nxc6 12. Nac2 Ne5 13. Qd2 Nc4 14. Qc1
Nxe3 15. Qxe3 Qg6 16. Rad1 f5 17. Nb4 Rae8 18. Qd3 fxe4 19. fxe4 Rxf1+ 20. Rxf1
Qxe4 21. Qc4+ Be6 22. Qd3 Qxd3 23. Nxd3 Bxd4+ 24. cxd4 Bxa2 25. Nb4 Bf7 26. Kf2
a5 27. Nd3 Re4 0-1

[Event "Taastrup Spil Naar Du Vil I 2006"]
[Site "Taastrup"]
[Date "2006.04.06"]
[Round "2"]
[White "Rosenkilde, Alexander"]
[Black "Refsgaard, Kaj"]
[Result "1-0"]
[WhiteElo "2024"]
[BlackElo "1728"]
[PlyCount "47"]
[EventDate "2006.??.??"]

1. d4 Nf6 2. c4 e6 3. Nf3 c5 4. e3 cxd4 5. exd4 Nc6 6. a3 b6 7. Bg5 Be7 8. Nc3
O-O 9. Qd2 h6 10. Bf4 Bb7 11. d5 exd5 12. cxd5 Na5 13. Rd1 Re8 14. Be2 Nh5 15.
Be3 Bc5 16. Nd4 Qf6 17. b4 Nb3 18. Nxb3 Bxe3 19. fxe3 Qh4+ 20. Kf1 Ng3+ 21.
hxg3 Qxh1+ 22. Kf2 Qh2 23. Nd4 Re7 24. Bg4 1-0

[Event "Taastrup Spil Naar Du Vil I 2006"]
[Site "Taastrup"]
[Date "2006.04.06"]
[Round "2"]
[White "Ryberg, Denis"]
[Black "Nielsen, Jan Mose"]
[Result "0-1"]
[WhiteElo "1195"]
[BlackElo "1995"]
[PlyCount "52"]
[EventDate "2006.??.??"]

1. e4 c5 2. Nf3 d6 3. Bc4 e6 4. Nc3 a6 5. a4 Nf6 6. d4 cxd4 7. Qxd4 Nc6 8. Qd3
Qc7 9. Be3 Nb4 10. Bb5+ axb5 11. Qxb5+ Nc6 12. Bb6 Qe7 13. e5 Nd7 14. Rd1 d5
15. Na2 Nxb6 16. Qxb6 Rxa4 17. Nc3 Rb4 18. Nb5 Qc5 19. Qxc5 Bxc5 20. Nd6+ Bxd6
21. exd6 Rxb2 22. O-O Rxc2 23. Ra1 Kd7 24. Ng5 f6 25. Nf3 Kxd6 26. Ra8 Rd8 0-1

[Event "Taastrup Spil Naar Du Vil I 2006"]
[Site "Taastrup"]
[Date "2006.04.06"]
[Round "2"]
[White "Strom, Ebbe"]
[Black "Hansen, Flemming"]
[Result "1-0"]
[WhiteElo "1750"]
[BlackElo "1238"]
[PlyCount "69"]
[EventDate "2006.??.??"]

1. b4 d5 2. Bb2 a6 3. e3 Bd7 4. c4 Nf6 5. Nf3 e6 6. Qb3 Nc6 7. Nc3 Be7 8. cxd5
Nb8 9. dxe6 Bxe6 10. Bc4 Qd7 11. O-O Nc6 12. Rac1 Ng4 13. d4 Bxc4 14. Qxc4 O-O
15. Nd5 b5 16. Qxc6 Rfd8 17. Nxe7+ Qxe7 18. Rc5 f6 19. Qxc7 Rd7 20. Qf4 Nh6 21.
Rfc1 Qe8 22. d5 Rdd8 23. Bxf6 Rdc8 24. Bxg7 Rxc5 25. Rxc5 Qg6 26. e4 Qxg7 27.
Qg5 Nf7 28. Qxg7+ Kxg7 29. Nd4 Kf6 30. f4 Nd8 31. e5+ Kf7 32. f5 h5 33. Rc7+
Ke8 34. e6 Rb8 35. f6 1-0

[Event "Taastrup Spil Naar Du Vil I 2006"]
[Site "Taastrup"]
[Date "2006.04.06"]
[Round "2"]
[White "Zmylon, Frederik Nielsen"]
[Black "Jensen, Henrik"]
[Result "0-1"]
[WhiteElo "1016"]
[BlackElo "1260"]
[PlyCount "112"]
[EventDate "2006.??.??"]

1. e4 e5 2. Bc4 Bc5 3. Nf3 Nc6 4. O-O d6 5. Nc3 Bg4 6. h3 Bh5 7. d3 h6 8. a3 a5
9. Be3 Nd4 10. Bxd4 Bxd4 11. Rb1 Nf6 12. Nd5 c6 13. Nxf6+ Qxf6 14. c3 Bc5 15.
b4 axb4 16. axb4 Bb6 17. Qe2 O-O 18. Ra1 Qe7 19. Rxa8 Rxa8 20. g4 Bg6 21. Qb2
Qf6 22. Nh2 Qf4 23. Qc1 Qg3+ 24. Kh1 Qxh3 25. Qd2 Qh4 26. d4 exd4 27. cxd4
Bxe4+ 28. Kg1 c5 29. bxc5 dxc5 30. dxc5 Bxc5 31. Qf4 Qe7 32. Re1 Re8 33. Kf1
Bd3+ 34. Bxd3 Qxe1+ 35. Kg2 Qe6 36. Bc4 Qe4+ 37. Qxe4 Rxe4 38. Bd5 Re2 39. Bxb7
Rb2 40. Bf3 Bxf2 41. Kf1 Bg3 42. Kg1 Rxh2 43. Bd5 Kf8 44. Bb3 Ke7 45. Bc4 f6
46. Bd3 Kd6 47. Bf5 Ke5 48. Bc8 Kf4 49. Bb7 Kxg4 50. Bc6 Kf4 51. Bb7 Ke3 52.
Bc6 f5 53. Bb7 f4 54. Bc6 f3 55. Bb7 Re2 56. Kf1 Re1# 0-1

[Event "Taastrup Spil Naar Du Vil I 2006"]
[Site "Taastrup"]
[Date "2006.07.20"]
[Round "3"]
[White "Jensen, Henrik"]
[Black "Meldal, Peter"]
[Result "0-1"]
[WhiteElo "1260"]
[BlackElo "1139"]
[PlyCount "130"]
[EventDate "2006.??.??"]

1. e4 c5 2. Nf3 d6 3. Nc3 Nf6 4. b3 e6 5. Bd3 Nc6 6. Bb2 Be7 7. Qe2 a6 8. e5
dxe5 9. Nxe5 Nb4 10. O-O Nxd3 11. Nxd3 O-O 12. Ne4 b6 13. Rad1 Bb7 14. Ng3 Rc8
15. Nf4 Qc7 16. Nfh5 Qd8 17. d4 Qd5 18. Nf4 Qc6 19. f3 cxd4 20. Rc1 Bc5 21. Kh1
Qc7 22. Qd2 e5 23. Nfh5 Nd5 24. c4 dxc3 25. Bxc3 Be3 26. Qe2 Bxc1 27. Bxe5 Qc2
28. Qe1 Bd2 29. Qa1 Bc3 30. Bxc3 Rxc3 31. Qe1 Ne3 32. Rg1 Rfc8 33. Nf6+ gxf6
34. Nh5 Qg6 35. Nf4 Qg5 36. Nh3 Qg6 37. Nf4 Qg7 38. Ne2 Rc2 39. Qf2 Nd5 40. Qe1
Qg5 41. Nd4 Rc1 42. Qe4 Rxg1+ 43. Kxg1 Rc1+ 44. Kf2 Qd2+ 45. Kg3 Qg5+ 46. Kf2
Kf8 47. a3 Rc8 48. Qxh7 Qe3+ 49. Kg3 Qxd4 50. Qh8+ Ke7 51. Qh7 Qe5+ 52. Kf2 Nf4
53. b4 Rd8 54. Qc2 Qd4+ 55. Kg3 Ne2+ 56. Qxe2+ Qe5+ 57. Qxe5+ fxe5 58. h4 Rd4
59. h5 Kf6 60. Kh3 Kg5 61. g4 Rd3 62. Kh2 Rxf3 63. a4 Rf4 64. Kh3 Rxg4 65. h6
Rh4+ 0-1

[Event "Taastrup Spil Naar Du Vil I 2006"]
[Site "Taastrup"]
[Date "2006.07.20"]
[Round "3"]
[White "Jensen, Tom B"]
[Black "Rasmussen, Emil Wulff"]
[Result "1-0"]
[WhiteElo "1065"]
[BlackElo "1147"]
[PlyCount "39"]
[EventDate "2006.??.??"]

1. d4 d5 2. c4 dxc4 3. Bf4 g6 4. e3 Qd5 5. Nc3 Qc6 6. Nf3 Nf6 7. b3 cxb3 8. Bb5
Bg7 9. Bxc6+ Nxc6 10. Qxb3 O-O 11. O-O Bg4 12. Ne5 Nxe5 13. Bxe5 b6 14. Bxc7
Rfc8 15. Be5 Be6 16. Qa3 Bc4 17. Rfe1 Nd7 18. Bxg7 Kxg7 19. Qxe7 Be6 20. Ne4
1-0

[Event "Taastrup Spil Naar Du Vil I 2006"]
[Site "Taastrup"]
[Date "2006.07.20"]
[Round "3"]
[White "Kaaber Hansen, Jacob"]
[Black "Rosenkilde, Alexander"]
[Result "1-0"]
[WhiteElo "2124"]
[BlackElo "2024"]
[PlyCount "57"]
[EventDate "2006.??.??"]

1. e4 c5 2. Nf3 Nc6 3. d4 cxd4 4. Nxd4 Nf6 5. Nc3 e5 6. Ndb5 d6 7. Bg5 a6 8.
Na3 b5 9. Bxf6 gxf6 10. Nd5 f5 11. c3 Bg7 12. exf5 Bxf5 13. Nc2 O-O 14. Nce3
Bg6 15. h4 Be4 16. h5 f5 17. f3 f4 18. h6 Bh8 19. fxe4 fxe3 20. Qg4+ Kf7 21.
Qh5+ Kg8 22. Qg4+ Kf7 23. Be2 Ne7 24. Rf1+ Ke8 25. Qe6 Rxf1+ 26. Kxf1 Kf8 27.
Bh5 Ng6 28. Ke2 Bf6 29. Bxg6 1-0

[Event "Taastrup Spil Naar Du Vil I 2006"]
[Site "Taastrup"]
[Date "2006.07.20"]
[Round "3"]
[White "Madsen, Ole Bang"]
[Black "Larsen, Henrik Falk"]
[Result "0-1"]
[WhiteElo "1354"]
[BlackElo "1656"]
[PlyCount "58"]
[EventDate "2006.??.??"]

1. e4 c5 2. Nf3 Nc6 3. Bb5 e6 4. O-O a6 5. Be2 Nf6 6. d3 d6 7. b3 Be7 8. Bb2
O-O 9. Re1 b5 10. Nbd2 Bb7 11. Nf1 Qc7 12. Ne3 Rad8 13. h3 Bc8 14. Rc1 e5 15.
Nd5 Nxd5 16. exd5 Nb4 17. c4 Nxa2 18. Ra1 Nb4 19. Bc3 bxc4 20. Bxb4 cxb4 21.
dxc4 a5 22. Qd2 f5 23. Ra2 Bd7 24. Rea1 Ra8 25. Kh2 Bf6 26. Ne1 e4 27. Rc1 Qc5
28. f4 Bc3 29. Qd1 Qf2 0-1

[Event "Taastrup Spil Naar Du Vil I 2006"]
[Site "Taastrup"]
[Date "2006.07.20"]
[Round "3"]
[White "Madsen, Simon Rise"]
[Black "Andersen, Daniel"]
[Result "0-1"]
[WhiteElo "1366"]
[BlackElo "1841"]
[PlyCount "84"]
[EventDate "2006.??.??"]

1. f4 g6 2. d4 Bg7 3. Nf3 d5 4. e3 b6 5. b3 Bf5 6. Bd3 Bxd3 7. Qxd3 Nf6 8. Nbd2
O-O 9. O-O c5 10. Bb2 Nc6 11. c4 cxd4 12. Nxd4 Rc8 13. Nxc6 Rxc6 14. cxd5 Qxd5
15. Qxd5 Nxd5 16. Bxg7 Kxg7 17. e4 Nc3 18. Rfe1 b5 19. a3 Rd8 20. Nf3 a5 21.
Kf1 a4 22. b4 Rc4 23. Rac1 Rdc8 24. Ne5 Rd4 25. Nf3 Rdc4 26. Ne5 Rd4 27. Nf3
Rd3 28. Ne5 Rdd8 29. Rc2 f6 30. Nf3 Rc4 31. e5 Kf7 32. exf6 exf6 33. g3 Rd3 34.
Nh4 Nd5 35. Ra2 Ne3+ 36. Kf2 Rcc3 37. Rea1 Nc4 38. Ng2 Rxa3 39. Rxa3 Nxa3 40.
Rc1 Nc4 41. Ke2 Rd2+ 42. Kf1 Rb2 0-1

[Event "Taastrup Spil Naar Du Vil I 2006"]
[Site "Taastrup"]
[Date "2006.07.20"]
[Round "3"]
[White "Nielsen, Jan Mose"]
[Black "Strom, Ebbe"]
[Result "1-0"]
[WhiteElo "1995"]
[BlackElo "1750"]
[PlyCount "53"]
[EventDate "2006.??.??"]

1. e4 d6 2. d4 e5 3. Bc4 Nc6 4. Nf3 Be7 5. Be3 Nf6 6. Nbd2 O-O 7. c3 Bg4 8. Qb1
Bh5 9. h3 exd4 10. cxd4 d5 11. Bb5 Nxe4 12. Nxe4 Bg6 13. Nfd2 Bb4 14. Bxc6
Bxd2+ 15. Kxd2 Bxe4 16. Qc1 bxc6 17. Qxc6 Rb8 18. b3 Rb6 19. Qc5 Re8 20. Rac1
c6 21. Rhg1 Qb8 22. g4 Ra6 23. Ra1 Qc7 24. a4 Rb8 25. b4 Rab6 26. b5 a6 27.
Rgc1 1-0

[Event "Taastrup Spil Naar Du Vil I 2006"]
[Site "Taastrup"]
[Date "2006.07.20"]
[Round "3"]
[White "Nielsen, Steen"]
[Black "Yde, Jesper"]
[Result "1-0"]
[WhiteElo "1575"]
[BlackElo "1607"]
[PlyCount "107"]
[EventDate "2006.??.??"]

1. d4 h6 2. c4 g5 3. e3 Bg7 4. Nf3 d6 5. Nc3 Bg4 6. Qb3 Qc8 7. Bd3 Nd7 8. h3
Be6 9. Qc2 Nb6 10. d5 Bd7 11. b3 c6 12. Nd4 cxd5 13. cxd5 Qc5 14. O-O Rc8 15.
Bb2 Bxd4 16. exd4 Qxd4 17. Rfe1 Qg7 18. Re3 Nf6 19. Qe2 O-O 20. Ne4 Nbxd5 21.
Rf3 Nf4 22. Nxf6+ exf6 23. Rxf4 gxf4 24. Kh2 Rfe8 25. Qd2 Bc6 26. f3 Qg3+ 27.
Kh1 Bxf3 28. gxf3 Qxh3+ 29. Kg1 Qxf3 30. Qg2+ Qg3 31. Qxg3+ fxg3 32. Rf1 Re3
33. Bc4 d5 34. Bxd5 Rc2 35. Bxf6 g2 36. Bxg2 Rg3 37. Rf2 Rc1+ 38. Kh2 Rg6 39.
Bxb7 Rc5 40. Rg2 Rxg2+ 41. Bxg2 Rc2 42. a3 Kh7 43. Kg3 Ra2 44. a4 Kg6 45. Bd4
Rd2 46. Be4+ f5 47. Be3 Re2 48. Kf3 Rxe3+ 49. Kxe3 fxe4 50. Kxe4 h5 51. b4 h4
52. b5 Kf6 53. a5 Ke6 54. a6 1-0

[Event "Taastrup Spil Naar Du Vil I 2006"]
[Site "Taastrup"]
[Date "2006.07.20"]
[Round "3"]
[White "Pallesen, Jacob"]
[Black "Dyremose, Flemming"]
[Result "1-0"]
[WhiteElo "1899"]
[BlackElo "1395"]
[PlyCount "69"]
[EventDate "2006.??.??"]

1. e4 c5 2. Nf3 d6 3. d4 cxd4 4. Nxd4 Nf6 5. Nc3 a6 6. Be3 e6 7. f3 Nbd7 8. Qd2
Be7 9. O-O-O Qc7 10. g4 Ne5 11. h4 Nfd7 12. g5 Nb6 13. b3 Bd7 14. Be2 Rc8 15.
Kb2 Nc6 16. Nxc6 Bxc6 17. Bd4 f6 18. gxf6 gxf6 19. Rhg1 Kd7 20. Rg7 Rcg8 21.
Bxf6 Rxg7 22. Bxg7 Rc8 23. Qh6 Qd8 24. Qxh7 Qg8 25. Qh6 Bxh4 26. Rg1 Be7 27.
Bd4 Qd8 28. Rg7 e5 29. Be3 Qc7 30. Bg5 Re8 31. f4 exf4 32. Bh5 Nc8 33. Bxe8+
Kxe8 34. Rg8+ Kd7 35. Qh3# 1-0